000 00647nam a22002297a 4500
003 UA-OsUOA
001 98597
007 ta
008 20130416b un ||||| |||| 00| 0 ukr d
100 _aСавченко В.
090 _a821.161.2
_bС13
942 _cBK
040 _aUA-OsUOA
_brus
_cUA-OsUOA
_dUA-OsUOA
245 _aВластью разума
_bповесть о Николае Чернышевском
300 _a396 с.
955 _a2
041 _arus
080 _a821.161.2
260 _aМ.
_bПолитиздат
_c1982
650 7 _a82 Література. Літературознавство
_2UDC
999 _c384488
_d384488